Forenzné účtovníctvo a forenzný audit v účtovnej praxi bakalárska práca

Salvato in:
Dettagli Bibliografici
Autore principale: Meľnik, Alexander
Ente Autore: Národohospodárska fakulta EU. Katedra financií
Altri autori: Staríčková, Zuzana
Natura: Libro
Lingua:slovacco
Pubblicazione: Bratislava 2020
Tags: Aggiungi Tag
Nessun Tag, puoi essere il primo ad aggiungerne!!

MARC

LEADER 00000nbm a2200000 4500
001 0265652
005 20200925132539.3
041 0 |a slo 
044 |a SK 
245 1 0 |a Forenzné účtovníctvo a forenzný audit v účtovnej praxi  |b bakalárska práca  |c Alexander Meľnik ; školiteľ: Zuzana Staríčková 
264 1 |a Bratislava  |c 2020 
300 |a 45 s. 
100 1 |a Meľnik, Alexander 
700 1 |a Staríčková, Zuzana 
710 2 |a Národohospodárska fakulta EU. Katedra financií